Statistiques concernant Focus sur: Coquecigrue - Harry Potter

Cliquez ici pour prendre le quiz!

Statistiques générales

  • Ce quiz a été pris 134 fois
  • Le résultat moyen est 4 sur 5

Statistiques - réponses

Informations recherchéesRéponses% Correct
EspèceHibou
99%
MaîtreRon Weasley
98%
Première mentionHarry Potter et le prisonnier d'Azkaban
93%
SurnomCoq
90%
Lieu de rencontre avec Harry PotterPoudlard Express
59%

Distribution des résultats

Percentile par nombre de réponses

% des personnes avec chaque résultat

Votre développement - résultats

Vous n’avez pas pris ce quiz